| 000 | 00606nam a22001937a 4500 | ||
|---|---|---|---|
| 005 | 20240530110334.0 | ||
| 008 | 140902s2002 ua grn 000 f ara d | ||
| 017 |
_a3213/2002 _bدار الكتب المصرية |
||
| 020 | _a9773510271 | ||
| 040 | _aEG-CaGPL | ||
| 082 | 0 | 4 |
_221 _a823.03 _bن ع |
| 100 | 1 | _aنابوكوف ، فلاديمير | |
| 245 | 1 | 2 |
_aالعين / _cنابوكوف ، فلاديمير |
| 250 | _aط1 | ||
| 260 |
_aالقاهرة : _bميريت للنشر والمعلومات ، _c2002 |
||
| 300 |
_a115 ص ؛ _c19 سم |
||
| 650 | 0 | 7 | _aالقصص العربية |
| 942 |
_2ddc _cBK |
||
| 999 |
_c59761 _d59761 |
||